| 000 | 01558nam a2200277 i 4500 | ||
|---|---|---|---|
| 001 | 160125 | ||
| 003 | ES-MaACL | ||
| 005 | 20251005063125.0 | ||
| 008 | 931025s1792 sp |||| | spa d | ||
| 040 |
_aPAB _bspa _cPAB |
||
| 100 | 1 |
_aMorales, Ambrosio de, _d1513-1591 _982970 |
|
| 245 | 1 | 4 |
_aLas antigüedades de las ciudades de España _b: que van nombradas en la corónica con las averiguaciones de sus sitios y nombres antiguos / _cque escrebia Ambrosio de Morales ... ; Tomo IX [-X]. |
| 260 |
_aMadrid : _ben la Oficina de don Benito Cano, _c1792. |
||
| 300 |
_a2 v. (LXXX, 388 p. ; [2], 142, 48, 288 p.) : _bil. ; _c22 cm. |
||
| 500 | 1 | _aVol. 9-10 de la "Coronica general de España ..." de Florián de Ocampo. | |
| 505 | 8 | _at. X: Discurso de la verdadera descendencia del glorioso doctor Santo Domingo ..., 48 p. ; Relacion del viage que Ambrosio de Morales ... hizo ... el año de 1572 en Galicia y Asturias ..., 288 p. | |
| 530 | _aDisponible en formato digital. | ||
| 597 | _aSign.: a-k4, A-Z4, Aa-Zz4, Aaa-Bbb4, Ccc² ; [ ]¹, A-S4, a-f4, A-Z4, 2A-2N4. | ||
| 597 | 1 | _aPortada calcográfica con orla alegórica en cada tomo. | |
| 599 | 1 | _aGrabado calcográfico de monedas antiguas en p. 1 de cada tomo. | |
| 599 | _aLas il., grabados xilográficos intercalados en el texto. | ||
| 651 | 4 |
_aEspaña- _xHistoria. _98209 |
|
| 852 |
_aES-MaACL _jR-314-23 _z-- Enc. pasta española _x Olim: B-222-31 |
||
| 856 |
_uhttp://bdh-rd.bne.es/viewer.vm?id=0000008345&page=1 _zBiblioteca Digital Hispánica |
||
| 999 |
_c160125 _d160125 |
||